Statistics for Name a Country A-Z

Click here to take the quiz!

General Stats

  • This quiz has been taken 908 times
  • The average score is 23 of 24

Answer Stats

LetterCountry% Correct
AAfghanistan | Albania | Algeria | +8
100%
BBahamas | Bahrain | Bangladesh | +14
99%
CCambodia | Cameroon | Canada | +12
99%
NNamibia | Nauru | Nepal | +8
99%
IIceland | India | Indonesia | +6
99%
UUganda | Ukraine | United Arab Emirates | +4
98%
TTaiwan | Tajikistan | Tanzania | +8
98%
SSt Kitts and Nevis | St Lucia | St Vincent and the Grenadines | +23
98%
PPakistan | Palau | Panama | +6
98%
MMadagascar | Malawi | Malaysia | +14
98%
FFS of Micronesia | Fiji | Finland | France
98%
GGabon | Gambia | Georgia | +8
98%
EEast Timor | Ecuador | Egypt | +6
98%
DDenmark | DR Congo | Djibouti | +2
98%
LLaos | Latvia | Lebanon | +6
97%
JJamaica | Japan | Jordan
97%
HHaiti | Honduras | Hungary
97%
RRepublic of the Congo | Romania | Russia | Rwanda
97%
VVanuatu | Vatican City | Venezuela | Vietnam
96%
ZZambia | Zimbabwe
96%
KKazakhstan | Kenya | Kiribati | +3
95%
YYemen
95%
OOman
94%
QQatar
93%

Score Distribution

Percentile by Number Answered

Percent of People with Each Score

Your Score History

You have not taken this quiz